Spot The Misspelled Word - Statistics

General Stats
  • This quiz has been taken 51 times
  • The average score is 8 of 10
Answer Stats
Question Answer % Correct
Which of these words is misspelled? Catagory
93%
Which of these words is misspelled? Itinery
91%
Which of these words is misspelled? Bouyancy
80%
Which of these words is misspelled? Febuary
80%
Which of these words is misspelled? Liason
80%
Which of these words is misspelled? Priviledge
80%
Which of these words is misspelled? Vaccum
80%
Which of these words is misspelled? Mischievious
67%
Which of these words is misspelled? Questionaire
56%
Which of these words is misspelled? Sorceror
53%
No matching quizzes found
Score Distribution
Percent of People with Each Score
Percentile by Number Answered
Your Score History
You have not taken this quiz